000 01723nam a2200469 i 4500
001 39225
003 KOSZ 005
005 20240405063127.0
008 020130s2000 pl a g 001 0 pol
015 _aPB 2002/4750
020 _a8371744072
040 _aWA N
_cWA N
_dKOSZ 005/RW
041 0 _apol
_beng
_bger
_brus
080 _a94(438).081"1919/1920"
080 _a050(438)"1918/1939"
080 _a070(438)"1918/1939"
080 _a355.1
100 1 _aKowalski, Zdzisław Grzegorz
_d(1957- ).
_eAutor
245 1 0 _aWojna polsko-bolszewicka 1919-1920 na łamach polskich fachowych periodyków wojskowych /
_cZdzisław G. Kowalski.
246 1 8 _aWojna polsko-bolszewicka 1919-1920....
260 _aToruń :
_bWydawnictwo Adam Marszałek,
_ccopyright 2000.
300 _a277 stron, [10] stron tablic :
_bilustracje ;
_c24 cm.
336 _aTekst
_btxt
_2rdacontent
337 _aBez urządzenia pośredniczącego
_bn
_2rdamedia
338 _aWolumin
_bnc
_2rdacarrier
380 _aKsiążki.
380 _aPublikacja naukowa
490 1 _aSzablą i Piórem.
504 _aBibliografia na stronach 217-240. Indeksy.
546 _aStreszczenie w języku angielskim, niemieckim, rosyjskim.
658 _aHistoria
658 _aBezpieczeństwo i wojskowość
648 4 _a1901-2000
655 4 _aMonografia
648 4 _a1918-1939
650 4 _aWojna polsko-bolszewicka (1919-1920)
650 4 _aCzasopisma wojskowe polskie
710 2 _aWydawnictwo Adam Marszałek.
_4pbl.
830 0 _aSzablą i Piórem.
856 _uhttp://koha.tu.koszalin.pl/cgi-bin/koha/opac-detail.pl?biblionumber=39225
_yKatalog online BPK
942 _2UKD
_cKS
999 _c39225
_d39225